000 00567nam a2200217Ia 4500
003 GCL
008 140319s9999 xx 000 0 eng d
040 _aGCL /
_cGCL
082 0 4 _a684.08
_bN S
100 1 _aNAKASHINA, GEORGYE
245 1 0 _aTHE SOUL OF A TREE: AWOOD WORKER'S REFLECTIONS /
_cNAKASHINA, GEORGYE
700 1 _aWALD, GEORGE
260 _a[S.N] :
_bKODANSHA INTERNATIONAL ،
_c1988
300 _a221 P
650 0 4 _aHANDCRAFT
650 0 4 _aDESIGN
650 0 4 _aJAPAN
650 0 4 _aDESIGN, NEEDLEWORK
650 0 4 _aWOOD WORK
942 _2ddc
_cBK
999 _c21441
_d21441